000 00881nam a2200277 i 4500
003 DO-SdBNP
005 20250729094731.0
007 ta
008 250729s2025 dr a b 000 0 spa d
020 _a9789945224320
040 _aDO-SdBNP
_bspa
_cBNPHU
_erda
041 _aspa
082 _axxxx
_bD671
_222
100 1 _aDominguez Decena, Emperatris
_96349
_eautora
_4aut.
245 1 0 _aLibro de colorear cristiano /
_cEmperatris Domínguez Decena ; ilustración, Leticia Valdez
250 _aPrimera edición
264 1 _aSanto Domingo :
_bEditora Búho,
_c2025.
300 _a[32] páginas ;
_bilustraciones
_c29 cm.
336 _atexto
_btxt
_2rdacontent
337 _asin mediación
_bn
_2rdamedia
338 _avolumen
_bnc
_2rdacarrier
590 _aInventariado, 2025/ YL
700 1 _aValdez, Leticia
_eilustrador
_4il.
_988449
910 _aYLockward
942 _2ddc
_cLF2
999 _c59666
_d59666